| 000 | 00484nam a2200169Ia 4500 | ||
|---|---|---|---|
| 999 |
_c23159 _d23159 |
||
| 003 | OSt | ||
| 005 | 20200602154512.0 | ||
| 008 | 190216s9999||||xx |||||||||||||| ||und|| | ||
| 020 | _a9789350843925 | ||
| 040 | _coclc | ||
| 082 |
_a954.025 _bKUM/F |
||
| 100 |
_aKumari, Krishna _92336 |
||
| 245 | 0 |
_aFall Of Mughal Empire / _cKrishna Kumari |
|
| 260 |
_bCentrum Press, _c2014. _aNew Delhi: |
||
| 300 | _a304p | ||
| 942 |
_cBK _2ddc _h954.025 _iKUM/F _k954.025 _mKUM/F |
||